Football quiz n°3 - Statistiques

Statistiques générales
  • Ce quiz a été pris 259 fois
  • Le résultat moyen est 8 sur 15
Statistiques - réponses
Question Réponse % Correct
Légende portugaise passé par le REAL et le BARCA Figo
95%
13 buts en une seule coupe du Monde Just Fontaine
75%
Célébration panthère Gomis
74%
Légendaire gardien méxicain Ochoa
74%
Crack qui vient de Turquie Arda Guler
65%
Joueur qui a éliminé l'Ajax en LDC saison 2018-2019 Lucas Moura
62%
Surnom du club de Lyon Les Gones
59%
Vendu environ 30M par Rennes au Bayern Munich en 2022 Mathys Tel
58%
Stade du club de Lille Pierre-Mauroy
54%
Milieu Hollandais Juventus Lunette Edgar Davids
53%
Sénégalais arrivé a L'OM venant de Sheffield United Iliman Ndiaye
42%
il etait surnommé le nouveau Zidane Marvin Martin
41%
Golden Boy 2016 Renato Sanches
23%
Buteur sur une frappe de loin lors de OM-PSG saison 2014-2015 Luiz Gustavo
12%
Il a inscrit le but le plus rapide de la Première League (7,69 secondes) Shane Long
5%
Aucun quiz correspondant
Distribution des résultats
% des personnes avec chaque résultat
Percentile par nombre de réponses
Votre historique - résultats
Vous n’avez pas pris ce quiz